Analysis of organochlorine pesticide residues in cigarettes by gas chromatography /
Saved in:
| Main Author: | |
|---|---|
| Format: | Thesis Book |
| Language: | English |
| Published: |
2004.
|
| Subjects: | |
| Tags: |
Add Tag
No Tags, Be the first to tag this record!
|
| LEADER | 00853cam a2200241 a 4500 | ||
|---|---|---|---|
| 001 | u697785 | ||
| 003 | SIRSI | ||
| 008 | 040819s2004 my t 00 1 eng m | ||
| 035 | |a ADC-2951 | ||
| 040 | |a UMM | ||
| 090 | |a QC3 |b UM 2004 Won | ||
| 100 | 1 | 0 | |a Wong, Kin Hui. |
| 245 | 1 | 0 | |a Analysis of organochlorine pesticide residues in cigarettes by gas chromatography / |c Wong Kin Hui. |
| 260 | |c 2004. | ||
| 300 | |a xi, 157 leaves : |b ill. ; |c 30 cm. | ||
| 502 | |a Dissertation (M.Sc.) -- Jabatan Fizik, Fakulti Sains, Universiti Malaya, 2004. | ||
| 504 | |a Bibliography: leaves 76-80. | ||
| 650 | 0 | |a Organochlorine compounds. | |
| 650 | 0 | |a Gas chromatography. | |
| 710 | 2 | 0 | |a Universiti Malaya. |b Jabatan Fizik. |
| 948 | |a 19/08/2004 |b 08/09/2004 | ||
| 596 | |a 1 | ||
| 999 | |a QC3 UM 2004 WON |w LC |c 1 |i A511667557 |d 3/7/2017 |e 3/7/2017 |l STACKS |m P01UTAMA |n 7 |r Y |s Y |t TESIS |u 26/7/2006 | ||
